00378nam a2200157Ia 450000100060000000800410000602000070004704000130005408200190006710000250008624500670011126000070017830000110018554600070019665000170020347155140429s9999 xx 000 0 und d aNA cPK-LaUMT aRHC 361bABD-I aAbdur Rahman, Munshi aInsaniyyat, hawaniyyat ki rah par (Urdu)cAbdur Rahman, Munshi cNA a362 p. aUR aSocial evils